Сочинение учителя и содержателя Петропавловского мужского "киргизского" (казахского) интерната Ивана Жолтышева "Иванушко, старая...

Доступно только в Электронных читальных залах Найти на картеНа карте
RUSMARC
00003854nmc2a22002533x 450
001f7057c22-615d-437e-b32c-d4619db7adca
00520230713072149.0
100##$a20221221l18791879k l0rusy0189 ca
1010#$arus
102##$aRU
105##$ay###
1222#$ad
2001#$aСочинение учителя и содержателя Петропавловского мужского "киргизского" (казахского) интерната Ивана Жолтышева "Иванушко, старая сказка на новый лад"
$j16 апреля 1879 г.
215##$a29 л.
$d36,5х26 см
251##$cДело
300##$aМатериалы о начальных училищах
300##$aРукопись, посвященная наследнику и великому князю Александру Александровичу
371##$aДокумент не является опубликованным и широко распространяемым
461#0$1001a74412a3-3cc5-4d21-8f0a-dfe2fbd9e72d
$12001
$aДепартамент народного просвещения Министерства народного просвещения (1803-1917)
$1251
$cФонд
$1852
$j733
462#0$1001e7457a9b-6ab2-47cb-b3ed-bfff162542f9
$12001
$aРазряд учительских институтов, семинарий и низших учебных заведений
$1251
$cОпись
$1852
$j227
801#0$aRU
$bРГИА
$c20221221
$gRCR
801#1$aRU
$bГлавНИВЦ
$c20221221
$2rusmarc
801#2$aRU
$bПБ им. Б.Н. Ельцина
$c20230713
$gRCR
$2rusmarc
850##$aРГИА
852##$aРГИА
$eФедеральное казенное учреждение "Российский государственный исторический архив" (РГИА)
$j80
937##$hРГИА
$d12396275
$aASBIBLIO_SCAN
035##$aRusGRCC00057299
856##$uhttp://readingroom.main.prlib.ru/item.aspx?id_node=n186501434&mode=full
Формат отображения